Les 20 meilleurs buteurs en 2022/23. - Statistiques

Statistiques générales
  • Ce quiz a été pris 230 fois
  • Le résultat moyen est 18 sur 20
Statistiques - réponses
Buts Joueurs Clubs % Correct
53 Erling Haaland Man City
100%
37 Harry Kane Tottenham
100%
52 Kylian Mbappe PSG
100%
37 Lionel Messi PSG
100%
31 Karim Benzema Real
98%
21 Neymar PSG
98%
34 Mohamed Salah Liverpool
97%
24 Vinicius Junior Real
96%
35 Robert Lewandowski Barca
95%
31 Alexandre Lacazette Lyon
94%
23 Olivier Giroud Milan
92%
29 Lautaro Martinez Inter
91%
33 Marcus Rashford Man United
89%
25 Wissam Ben Yedder Monaco
87%
31 Victor Osimhen Napoli
85%
24 Randal Kolo Muani Eintracht
82%
29 Jonathan David Lille
81%
23 Christopher Nkunku Leipzig
79%
22 Folarin Balogun Reims
63%
22 Terem Moffi LorientNice
57%
Aucun quiz correspondant
Distribution des résultats
% des personnes avec chaque résultat
Percentile par nombre de réponses
Votre historique - résultats
Vous n’avez pas pris ce quiz